000 00365 a2200109 4500
001 ART_9195
005 20260410161835.0
008 260409a
245 1 0 _aOperaciones de comercio internacional ocasionales y en representación
100 1 _aFratalocchi, Aldo
773 0 _tContabilidad y administración
_g- Año 4, Nº 38 (ago. 1980)
_wREV5485
999 _c23563
_d23563